<?xml version="1.0" encoding="UTF-8"?>
<collection xmlns:xsi="http://www.w3.org/2001/XMLSchema-instance" xsi:schemaLocation="http://www.loc.gov/MARC21/slim http://www.loc.gov/standards/marcxml/schema/MARC21slim.xsd" xmlns="http://www.loc.gov/MARC21/slim">
 <record>
  <leader>00000cam a22000004i 4500</leader>
  <controlfield tag="001">UP-99796217611965092</controlfield>
  <controlfield tag="003">Buklod</controlfield>
  <controlfield tag="005">20160303141302.0</controlfield>
  <controlfield tag="006">a     r    |||| u|</controlfield>
  <controlfield tag="007">ta</controlfield>
  <controlfield tag="008">140717s2015    stkbm   rb   a001 0|eng d</controlfield>
  <datafield tag="020" ind1=" " ind2=" ">
   <subfield code="a">9780748638253</subfield>
  </datafield>
  <datafield tag="035" ind1=" " ind2=" ">
   <subfield code="a">(iLib)UPD-00254210857</subfield>
  </datafield>
  <datafield tag="040" ind1=" " ind2=" ">
   <subfield code="a">UtOrBLW</subfield>
   <subfield code="d">DAC</subfield>
   <subfield code="e">rda</subfield>
  </datafield>
  <datafield tag="041" ind1=" " ind2=" ">
   <subfield code="a">eng</subfield>
  </datafield>
  <datafield tag="042" ind1=" " ind2=" ">
   <subfield code="a">DMLUC</subfield>
  </datafield>
  <datafield tag="090" ind1=" " ind2=" ">
   <subfield code="a">DS 27</subfield>
   <subfield code="b">P43 2015</subfield>
  </datafield>
  <datafield tag="100" ind1="1" ind2=" ">
   <subfield code="a">Peacock, A. C. S.</subfield>
   <subfield code="q">(Andrew C. S.)</subfield>
   <subfield code="e">author.</subfield>
  </datafield>
  <datafield tag="245" ind1="1" ind2="4">
   <subfield code="a">The great Seljuk Empire</subfield>
   <subfield code="c">A. C. S. Peacock.</subfield>
  </datafield>
  <datafield tag="264" ind1=" " ind2="1">
   <subfield code="a">Edinburgh</subfield>
   <subfield code="b">Edinburgh University Press</subfield>
   <subfield code="c">[2015]</subfield>
  </datafield>
  <datafield tag="300" ind1=" " ind2=" ">
   <subfield code="a">xiii, 378 pages</subfield>
   <subfield code="b">illustrations, maps</subfield>
   <subfield code="c">24 cm.</subfield>
  </datafield>
  <datafield tag="336" ind1=" " ind2=" ">
   <subfield code="a">text</subfield>
   <subfield code="b">txt</subfield>
   <subfield code="2">rdacontent.</subfield>
  </datafield>
  <datafield tag="337" ind1=" " ind2=" ">
   <subfield code="a">unmediated</subfield>
   <subfield code="2">rdamedia.</subfield>
  </datafield>
  <datafield tag="338" ind1=" " ind2=" ">
   <subfield code="a">volume</subfield>
   <subfield code="b">nc</subfield>
   <subfield code="2">rdacarrier.</subfield>
  </datafield>
  <datafield tag="490" ind1="0" ind2=" ">
   <subfield code="a">The Edinburgh History of the Islamic Empires</subfield>
  </datafield>
  <datafield tag="504" ind1=" " ind2=" ">
   <subfield code="a">Includes bibliographical references (pages 338-360), glossary, and index.</subfield>
  </datafield>
  <datafield tag="505" ind1="0" ind2=" ">
   <subfield code="a">1. The Rise of the Seljuks: From the Eurasian Steppe to the Gates of Cairo, c. 965-1092 -- 2. Crisis, Consolidation and Collapse: The Great Seljuk Empire and the Sultanate of Iraq, 1092-1194 -- 3. Sovereignty, Legitimacy and the Contest with the Caliphate -- 4. The Dargåah: Courts and Court Life -- 5. The Kuttåab: Bureaucrats and Administration -- 6. The 'Askar: The Seljuk Military -- 7. Religion and the Seljuk Empire -- 8. The Economic and Social Organisation of the Seljuk Lands -- Conclusion: The Seljuk Legacy.</subfield>
  </datafield>
  <datafield tag="520" ind1="8" ind2=" ">
   <subfield code="a">The Great Seljuk Empire was the Turkish state which dominated the Middle East and Central Asia in the eleventh and twelfth centuries. This book surveys that period, which was one of exceptional importance, witnessing profound demographic, religious, political and social changes in the Islamic Middle East. The Turkish invasions played a role in provoking the Crusades, led to the collapse of Byzantine power in Anatolia and brought about the beginnings of Turkish settlement in what is now Turkey and Iran, permanently altering their ethnic and linguistic composition.</subfield>
  </datafield>
  <datafield tag="650" ind1=" " ind2="0">
   <subfield code="a">Seljuks</subfield>
   <subfield code="x">History.</subfield>
  </datafield>
  <datafield tag="651" ind1=" " ind2="0">
   <subfield code="a">Islamic Empire</subfield>
   <subfield code="x">History</subfield>
   <subfield code="y">750-1258.</subfield>
  </datafield>
  <datafield tag="830" ind1=" " ind2="0">
   <subfield code="a">Edinburgh History of the Islamic Empires.</subfield>
  </datafield>
  <datafield tag="905" ind1=" " ind2=" ">
   <subfield code="a">FO</subfield>
  </datafield>
  <datafield tag="852" ind1="0" ind2=" ">
   <subfield code="a">UPD</subfield>
   <subfield code="b">DAC</subfield>
   <subfield code="h">DS 27</subfield>
   <subfield code="i">P43 2015</subfield>
  </datafield>
  <datafield tag="942" ind1=" " ind2=" ">
   <subfield code="a">Book</subfield>
  </datafield>
 </record>
</collection>
